[Event "Mersin op 5th"]
[Site "Mersin"]
[Date "2021.11.17"]
[Round "2"]
[White "Circi, Fatih"]
[Black "Maras, Huseyin Kayra"]
[Result "1-0"]
[WhiteElo "1941"]
[BlackElo "1335"]
[PlyCount "48"]
[EventDate "2021.11.16"]
[EventType "swiss"]
[EventRounds "9"]
[EventCountry "TUR"]
[SourceTitle "EXT 2023"]
[Source "ChessBase"]
[SourceDate "2022.10.05"]
[SourceVersion "1"]
[SourceVersionDate "2022.10.05"]
[SourceQuality "1"]

1. c3 e5 2. d4 exd4 3. cxd4 Nf6 4. Nf3 d5 5. g3 Bd6 6. Bg2 Bf5 7. Qb3 Qc8 8. Nc3 c6 9. Nh4 Be6 10. Bf4 Bc7 11. Rc1 Bxf4 12. gxf4 Qd8 13. Qxb7 Nbd7 14. f5 Rb8 15. Qxc6 Rb6 16. Qa4 Nh5 17. fxe6 Rxe6 18. Nxd5 0-0 19. Nf5 Rfe8 20. 0-0 Nb6 21. Nxb6 axb6 22. e3 Rf8 23. d5 Rg6 24. d6 Rg5 1-0

[Event "TUR-chT 2nd League"]
[Site "Konya"]
[Date "2019.07.22"]
[Round "1.12"]
[White "Circi, Fatih"]
[Black "Bek, Emir"]
[Result "1-0"]
[WhiteElo "1939"]
[BlackElo "1783"]
[PlyCount "123"]
[EventDate "2019.07.22"]
[EventType "team-swiss"]
[EventRounds "9"]
[EventCountry "TUR"]
[SourceTitle "CBM 191 Extra"]
[Source "ChessBase"]
[SourceDate "2019.09.30"]
[SourceVersion "1"]
[SourceVersionDate "2019.09.30"]
[SourceQuality "1"]
[WhiteTeam "Karaman Masterler"]
[BlackTeam "Gulbahcesi Egitim"]
[WhiteTeamCountry "TUR"]
[BlackTeamCountry "TUR"]

1. e4 d6 2. d4 g6 3. Nc3 Bg7 4. Nf3 Nc6 5. Bb5 Bd7 6. 0-0 e5 7. Bg5 f6 8. Be3 Nge7 9. dxe5 Nxe5 10. Bxd7+ Qxd7 11. Nxe5 fxe5 12. Bg5 c6 13. Qd2 h6 14. Bxe7 Qxe7 15. Rad1 Rd8 16. Qe3 b5 17. Qg3 g5 18. a4 b4 19. Na2 a5 20. c3 Qe6 21. Nc1 0-0 22. cxb4 axb4 23. Qb3 Qxb3 24. Nxb3 Kf7 25. Rc1 c5 26. Rfd1 Ke6 27. Rd5 Rc8 28. Nd2 Rf4 29. f3 Bf8 30. b3 h5 31. Rd1 g4 32. g3 Rf7 33. fxg4 hxg4 34. Nc4 Rc6 35. R1d3 Be7 36. Kg2 Rf8 37. Rd2 Bg5 38. Rf2 Rg8 39. Rd1 Rg6 40. Rdf1 Rc7 41. Rd1 Rc6 42. Rf8 Be7 43. Rh8 Bg5 44. a5 Ra6 45. Rb8 Rg7 46. Rb6 Rxb6 47. axb6 Rf7 48. b7 Rxb7 49. Rxd6+ Ke7 50. Rd5 Kf6 51. Nxe5 Re7 52. Nxg4+ Kg6 53. h4 Bc1 54. Kh3 Bd2 55. Ne5+ Kh6 56. Nc4 Be1 57. Rxc5 Rf7 58. Rf5 Rc7 59. Rf3 Rc6 60. Kg4 Kg6 61. h5+ Kh6 62. e5 1-0

[Event "TUR-chT2"]
[Site "Konya"]
[Date "2014.06.27"]
[Round "7.4"]
[White "Ozen, Ali"]
[Black "Circi, Fatih"]
[Result "1-0"]
[WhiteElo "1719"]
[BlackElo "2015"]
[PlyCount "41"]
[EventDate "2014.06.23"]
[EventType "team-swiss"]
[EventRounds "9"]
[EventCountry "TUR"]
[SourceTitle "CBM 161 Extra"]
[Source "ChessBase"]
[SourceDate "2014.08.29"]
[SourceVersion "1"]
[SourceVersionDate "2014.08.29"]
[SourceQuality "1"]
[WhiteTeam "Pausa"]
[BlackTeam "Karaman Saglik"]
[WhiteTeamCountry "TUR"]
[BlackTeamCountry "TUR"]

1. e4 c6 2. d4 d5 3. e5 Bf5 4. Nc3 Qb6 5. Bd3 Qxd4 6. Nf3 Qg4 7. Be2 Qb4 8. Nd4 e6 9. Nxf5 exf5 10. Bd2 Qd4 11. 0-0 Qxe5 12. Ba6 Qc7 13. Bf4 Qc8 14. Nxd5 Nxa6 15. Re1+ Ne7 16. Nxe7 Bxe7 17. Rxe7+ Kf8 18. Qd6 Kg8 19. Rae1 Qf8 20. Bh6 gxh6 21. Qg3+ 1-0

[Event "TUR-chT2"]
[Site "Konya"]
[Date "2014.06.24"]
[Round "3.3"]
[White "Circi, Fatih"]
[Black "Erdogdu, Mert"]
[Result "0-1"]
[WhiteElo "2015"]
[BlackElo "2423"]
[PlyCount "110"]
[EventDate "2014.06.23"]
[EventType "team-swiss"]
[EventRounds "9"]
[EventCountry "TUR"]
[SourceTitle "CBM 161 Extra"]
[Source "ChessBase"]
[SourceDate "2014.08.29"]
[SourceVersion "1"]
[SourceVersionDate "2014.08.29"]
[SourceQuality "1"]
[WhiteTeam "Karaman Saglik"]
[BlackTeam "Kayseri Seker"]
[WhiteTeamCountry "TUR"]
[BlackTeamCountry "TUR"]

1. e4 c5 2. c4 Nc6 3. Nc3 d6 4. d3 g6 5. g3 Bg7 6. Bg2 Nf6 7. Nge2 0-0 8. 0-0 Ne8 9. h3 Nc7 10. Be3 Ne6 11. Qd2 Ned4 12. f3 a6 13. Bh6 b5 14. Bxg7 Kxg7 15. Nxd4 Nxd4 16. Ne2 bxc4 17. Qc3 e5 18. Nxd4 cxd4 19. Qxc4 Be6 20. Qa4 Qb6 21. Qa3 Rab8 22. Kh2 Rfc8 23. Rf2 Qb4 24. Qxb4 Rxb4 25. Rd2 Rcb8 26. b3 Rc8 27. Bf1 a5 28. Be2 Rc3 29. Bd1 Rb7 30. h4 f5 31. Kg2 h6 32. Kf2 Rf7 33. Kg2 g5 34. hxg5 hxg5 35. exf5 Bxf5 36. Be2 Rf8 37. g4 Be6 38. Rb1 Rb8 39. Rbb2 Kf6 40. Kf2 Ke7 41. Rdc2 Rbc8 42. Rd2 Rh8 43. Rbc2 d5 44. Rb2 Rb8 45. Bd1 Bf7 46. a3 Bg6 47. Bc2 a4 48. b4 Rxa3 49. b5 Rc3 50. Rb4 a3 51. Bb1 Kd6 52. Ba2 Bxd3 53. Ra4 Bxb5 54. Rb4 Kc5 55. Rb1 e4 0-1

[Event "TUR-chT2"]
[Site "Konya"]
[Date "2014.06.23"]
[Round "1.10"]
[White "Circi, Fatih"]
[Black "Demirkilic, Koksal"]
[Result "1/2-1/2"]
[WhiteElo "2015"]
[BlackElo "1631"]
[PlyCount "68"]
[EventDate "2014.06.23"]
[EventType "team-swiss"]
[EventRounds "9"]
[EventCountry "TUR"]
[SourceTitle "CBM 161 Extra"]
[Source "ChessBase"]
[SourceDate "2014.08.29"]
[SourceVersion "1"]
[SourceVersionDate "2014.08.29"]
[SourceQuality "1"]
[WhiteTeam "Karaman Saglik"]
[BlackTeam "Azdur Ordu"]
[WhiteTeamCountry "TUR"]
[BlackTeamCountry "TUR"]

1. e4 c5 2. c4 Nc6 3. Nc3 Nf6 4. g3 d6 5. Bg2 e6 6. Nge2 a6 7. d3 Be7 8. 0-0 0-0 9. f4 Qc7 10. Kh1 Rb8 11. a4 b6 12. Be3 Bb7 13. h3 Nb4 14. g4 Nd7 15. Na2 Nc6 16. g5 f6 17. h4 e5 18. f5 Nd4 19. Nac3 g6 20. Bxd4 cxd4 21. Nd5 Bxd5 22. cxd5 fxg5 23. Bh3 gxh4 24. fxg6 hxg6 25. Qd2 Kg7 26. Rg1 Rf2 27. Bf5 Nf8 28. Rxg6+ Nxg6 29. Rg1 Rh8 30. Bxg6 Qd8 31. Bf5+ Kf8 32. Be6 Bf6 33. Qe1 Rf3 34. Rg6 Ke8 1/2-1/2